| 000 | 00451nam a22001457a 4500 | ||
|---|---|---|---|
| 020 | _a0849312515 | ||
| 040 | _cNUST | ||
| 082 |
_a629.8 _bROB |
||
| 100 |
_aMo Jamshidi, Leandro Dos Santos Coelho _9125333 |
||
| 110 |
_aRenato A. Krohling, Peter J. Fleming _9125334 |
||
| 245 | _aRobust Control Systems with Genetic Algorithms | ||
| 260 |
_aNew York: _bCRC Press, _c2002. |
||
| 650 | _2Robust Control Systems with Genetic Algorithms | ||
| 942 |
_2ddc _cBK |
||
| 999 |
_c611088 _d611088 |
||